00281cam a22001097a 4500008004000000082001600040100001800056245004500074260002300119300001000142650001900152180718b1990 xxu||||| |||| 00| 0 eng d aN4x54 Sh23s aShah, Giriraj aState policing in Indiacby Giriraj Shah aDelhibCosmoc1990 a275p. aPolice - India